| 000 | 01024nmc a2200361 a 4500 | ||
|---|---|---|---|
| 003 | AR-BaBNM | ||
| 005 | 20251128203948.0 | ||
| 008 | 055019s1987 ||||||||||||||000 | spa|| | ||
| 020 | _a84-7509-052-4 | ||
| 040 | _cAR-BaBNM | ||
| 100 | 1 | _aHeld, Jacqueline | |
| 245 | 1 | 0 |
_aLos niños y la literatura fantástica _bfunción y poder de lo imaginario |
| 250 | _a3ª ed. | ||
| 260 |
_aBuenos Aires _bPaidós _c1987 |
||
| 300 | 0 | _a188 p. | |
| 490 | 0 |
_aPaidós educador _vv. 80 |
|
| 504 | _aContiene bibliografía al final de la obra | ||
| 650 | 4 | _aINVESTIGACION LITERARIA | |
| 650 | 4 | _aLITERATURA INFANTIL | |
| 650 | 4 | _aPEDAGOGIA | |
| 650 | 4 | _aIMAGINARIO | |
| 650 | 4 | _aIMAGINACION | |
| 650 | 4 | _aPSICOLOGIA DEL NINO | |
| 650 | 4 | _aINVESTIGACION PSICOLOGICA | |
| 650 | 4 | _aANALISIS LITERARIO | |
| 653 | 0 | _aLITERATURA FANTASTICA | |
| 653 | 0 | _aENSENANZA DE LA LITERATURA | |
| 655 | _aLITERATURA | ||
| 800 | 1 | _aRomero Brest, Gilda Lamarque de | |
| 800 | 1 | _aBernstein, Jaime | |
| 942 | _cBK | ||
| 998 | _cisola | ||
| 999 |
_c5629 _d5629 |
||